MARC details
| 000 -CABECERA |
| campo de control de longitud fija |
01066nam a2200241 a 4500 |
| 001 - NÚMERO DE CONTROL |
| campo de control |
000042183 |
| 005 - FECHA Y HORA DE LA ÚLTIMA TRANSACCIÓN |
| campo de control |
20240412074301.0 |
| 008 - DATOS DE LONGITUD FIJA--INFORMACIÓN GENERAL |
| campo de control de longitud fija |
131118s2013 dr 000 0 spa d |
| 020 ## - NÚMERO INTERNACIONAL ESTÁNDAR DEL LIBRO |
| Número Internacional Estándar del Libro |
9789945889314 |
| 040 ## - FUENTE DE LA CATALOGACIÓN |
| Centro catalogador/agencia de origen |
DO-SdBNP |
| Lengua de catalogación |
spa |
| Centro/agencia transcriptor |
BNPHU |
| 082 ## - NÚMERO DE LA CLASIFICACIÓN DECIMAL DEWEY |
| Número de clasificación |
RD868.44 |
| Número de documento/Ítem |
R696p |
| 100 1# - ENTRADA PRINCIPAL--NOMBRE DE PERSONA |
| Nombre de persona |
Rodríguez García, César Ariel |
| 9 (RLIN) |
69188 |
| 245 10 - MENCIÓN DE TÍTULO |
| Título |
Presencia : |
| Resto del título |
selección de artículos publicados en La Información en el períodico 1989-2009 / |
| Mención de responsabilidad, etc. |
César Ariel Rodríguez García ; prólogo Francisco Oscar Espino Torres ; edición al cuidado de Piero Espinal Estévez. |
| 260 ## - PUBLICACIÓN, DISTRIBUCIÓN, ETC. |
| Lugar de publicación, distribución, etc. |
San José de las Matas : |
| Nombre del editor, distribuidor, etc. |
Opus, |
| Fecha de publicación, distribución, etc. |
2013. |
| 300 ## - DESCRIPCIÓN FÍSICA |
| Extensión |
259 p. ; |
| Dimensiones |
23 cm. |
| 500 ## - NOTA GENERAL |
| Nota general |
Incluye datos biográficos del autor en la solapa de la contracubierta |
| 650 #0 - PUNTO DE ACCESO ADICIONAL DE MATERIA--TÉRMINO DE MATERIA |
| Término de materia o nombre geográfico como elemento de entrada |
Literatura dominicana. |
| 9 (RLIN) |
67 |
| 650 #4 - PUNTO DE ACCESO ADICIONAL DE MATERIA--TÉRMINO DE MATERIA |
| Término de materia o nombre geográfico como elemento de entrada |
Artículos de prensa |
| 9 (RLIN) |
43 |
| 651 #4 - PUNTO DE ACCESO ADICIONAL DE MATERIA--NOMBRE GEOGRÁFICO |
| Nombre geográfico |
República Dominicana |
| Subdivisión general |
Condiciones Sociales |
| -- |
Ensayos, Conferencias, Etc. |
| 9 (RLIN) |
1166 |
| 700 12 - PUNTO DE ACCESO ADICIONAL--NOMBRE DE PERSONA |
| Nombre de persona |
Espino Torres, Francisco Oscar |
| Término indicativo de función/relación |
pról. |
| 9 (RLIN) |
69189 |
| 700 12 - PUNTO DE ACCESO ADICIONAL--NOMBRE DE PERSONA |
| Nombre de persona |
Espinal Estévez, Piero |
| Término indicativo de función/relación |
ed. |
| 9 (RLIN) |
3550 |
| 910 ## - DATOS DE OPCIÓN DEL USUARIO (OCLC) |
| Datos de opción del usuario |
Validado. Control de calidad MFF |